NBA Players With Most 40 Point Games - Statistics

General Stats
  • This quiz has been taken 1,889 times
    18 since last reset
  • The average score is 14 of 20
Answer Stats
Rk Player Nb % Correct
6 LeBron James 79
100%
2 Michael Jordan 173
100%
9 Stephen Curry 75
100%
1 Wilt Chamberlain 271
100%
3 Kobe Bryant 122
94%
4 James Harden 106
89%
11 Kareem Abdul-Jabbar 70
89%
14 Jerry West 66
83%
10 Kevin Durant 74
83%
16 Damian Lillard 59
72%
5 Elgin Baylor 88
67%
15 Luka Dončić 62
67%
7 Allen Iverson 79
61%
19 Giannis Antetokounmpo 56
56%
8 Oscar Robertson 77
56%
12 Rick Barry 70
44%
13 George Gervin 68
39%
18 Dominique Wilkins 56
28%
17 Bob McAdoo 58
22%
20 Adrian Dantley 52
17%
No matching quizzes found
Score Distribution
Percent of People with Each Score
Percentile by Number Answered
Your Score History
You have not taken this quiz since the last reset